00755 2200265 4500001002100000005001500021035002500036008004100061020002200102040001700124082001200141084001400153100002400167245005400191260003700245300005200282500003400334650002200368850001200390007000300402090001800405090002200423999002200445990002200467INLIS00000000001940620200706100741 a0010-041600000000410160420s2015 yoia gr ind d a978-602-1547-90-8 aYOPDYOGeind04222a613 a613 NAT b0 aNatalia Erlina Yuni00aBuku saku:personal hygiene /cNatalia Erlina Yuni3 aYogyakarta :bNuha Medika,c2015 axiii, 156 halaman :bilustrasi, gambar ;c11 cm aBibliografi : halaman 152-153 4aKesehatan pribadi aYOPDYOGta aDEP 613 NAT b aCB-D.11 2015-1574 aCB-D.11/2015-1574 aCB-D.11/2015-1574